Paroles - Salope - Bigflo & Oli - Statistiques

Statistiques générales
  • Ce quiz a été pris 3 fois
  • Le résultat moyen est 578 sur 637
Statistiques - réponses
Paroles % Correct
a
100%
à
100%
ailleurs,
100%
amis
100%
angoisses
100%
apparaissent
100%
apparaît,
100%
après
100%
au
100%
Au
100%
aurores
100%
aux
100%
avec
100%
baissé
100%
beau
100%
Bien
100%
bien
100%
boîte,
100%
bout
100%
ça
100%
Ça
100%
café
100%
calme
100%
caresses
100%
carrés
100%
ce
100%
cents
100%
Certaines
100%
c'est
100%
chats
100%
choix,
100%
clients
100%
cœur
100%
coincés
100%
con,
100%
confondrait
100%
connaitre
100%
corps
100%
côté
100%
coule,
100%
crié
100%
croiser
100%
croit
100%
croix
100%
d'âme,
100%
dans
100%
danse
100%
de
100%
De
100%
déjà
100%
d'elle
100%
demain
100%
d'en
100%
des
100%
Des
100%
destins
100%
d'être
100%
deux
100%
deviennent
100%
d'ici
100%
dieu
100%
dit
100%
d'kilomètres
100%
donne
100%
doute,
100%
droit
100%
droite
100%
drôle,
100%
du
100%
dure
100%
écrits
100%
Elle
100%
elle
100%
elle,
100%
emportent
100%
en
100%
En
100%
encore
100%
Entre
100%
entre
100%
envie
100%
est
100%
et
100%
Et
100%
être
100%
études,
100%
eu
100%
face
100%
faire
100%
fait
100%
ferme
100%
fils,
100%
font
100%
fortes
100%
froid,
100%
Grande
100%
gris
100%
guide
100%
habitudes
100%
hâte,
100%
hommes
100%
honnête
100%
Il
100%
Ils
100%
ils
100%
intelligente
100%
jamais
100%
jambes
100%
jeune
100%
jour
100%
juste
100%
la
100%
l'a
100%
La
100%
100%
là,
100%
l'air
100%
laissé
100%
l'amour
100%
lampadaire
100%
l'autre
100%
l'café
100%
le
100%
l'entoure
100%
les
100%
Les
100%
leur
100%
L'habitude
100%
l'horreur
100%
l'noir,
100%
l'odeur
100%
loin
100%
loups
100%
l'périmètre
100%
lui
100%
lune
100%
main
100%
mais
100%
Mais
100%
maquillage
100%
matin
100%
mélangé
100%
mené
100%
mensonges
100%
métier
100%
milliers
100%
moment
100%
Mon
100%
monde
100%
musique,
100%
ne
100%
niveau
100%
noire
100%
Nous,
100%
nuit
100%
ombre
100%
on
100%
On
100%
otage
100%
100%
Ourse,
100%
par
100%
parfum
100%
partir
100%
partira,
100%
pas
100%
pas,
100%
passé
100%
passe
100%
passent,
100%
pays
100%
père ?
100%
petit
100%
peu
100%
peut
100%
peux
100%
pharmacie,
100%
pharmacie
100%
pire
100%
pluie
100%
plus
100%
porte
100%
potes
100%
pour
100%
pourra
100%
pourrait
100%
prénom,
100%
prénoms,
100%
prise
100%
p'tit
100%
Quand
100%
quand
100%
que
100%
quelques
100%
qu'entre
100%
qui
100%
qu'on
100%
regardant
100%
regarde
100%
regrets
100%
rejoint
100%
rentrant
100%
ressemblent
100%
restant
100%
rêves
100%
rien
100%
roulait
100%
rues
100%
Sa
100%
sa
100%
sac
100%
saisons
100%
sait
100%
"Salope !"
100%
SDF
100%
s'dit
100%
se
100%
ses
100%
seule
100%
seuls
100%
s'habitue
100%
Si
100%
soir
100%
son
100%
Son
100%
sont
100%
sortait
100%
Sous
100%
sur
100%
sûr
100%
surveillent
100%
temps
100%
tonnes
100%
tous
100%
tout
100%
Toute
100%
traces
100%
trop
100%
trottoir
100%
tu
100%
un
100%
Un
100%
Une
100%
une
100%
vie,
100%
vie
100%
viennent
100%
vieux
100%
ville
100%
vite
100%
vitre,
100%
voir
100%
aura
50%
aurait
50%
avaient
50%
avenir
50%
belle
50%
bonne
50%
brûle
50%
bu
50%
cabaret
50%
Cernée,
50%
certains
50%
C'était
50%
cette
50%
chaque
50%
charmant
50%
château,
50%
chercher
50%
chien,
50%
choses
50%
combat
50%
comme
50%
Comment
50%
conforte
50%
contre
50%
coup
50%
coup,
50%
croire
50%
danseuse
50%
désespère
50%
d'essence
50%
devant
50%
dire
50%
doit
50%
dormir,
50%
d'son
50%
d'un
50%
D'un
50%
durerait
50%
engagée
50%
était
50%
expliquer
50%
fermera
50%
figure,
50%
fumée,
50%
griffes
50%
ira,
50%
l'ascenseur
50%
L'étoile
50%
leurs
50%
l'miroir
50%
lorsqu'on
50%
maison,
50%
mari
50%
mauvaise
50%
meilleur
50%
mère
50%
merveille
50%
mètre
50%
miracle
50%
mirage
50%
montre,
50%
nouvelles,
50%
odeur,
50%
oublier
50%
oui,
50%
Paris
50%
parler,
50%
pense
50%
périph'
50%
pouvait
50%
prennent
50%
presque
50%
prince
50%
promis
50%
qu'elle
50%
qu'ils
50%
raccrocher
50%
ralenti,
50%
referment
50%
rentrer
50%
retourner
50%
rire
50%
s’abîmer
50%
sacrifices
50%
scène
50%
s’échappera
50%
s'en
50%
s'est
50%
s'évapore
50%
soudain
50%
Souvent,
50%
souviennent
50%
valise,
50%
venir
50%
veut
50%
vient
50%
visages
50%
voiture
50%
voudrait
50%
voulait
50%
vue
50%
yeux
50%
aller,
0%
l’amènera
0%
n'avait
0%
savait
0%
Aucun quiz correspondant
Distribution des résultats
% des personnes avec chaque résultat
Percentile par nombre de réponses
Votre historique - résultats
Vous n’avez pas pris ce quiz